01442agaaa2200325 45000010005000000030009000050050017000140070009000310080040000400400023000800410013001031000053001161300024001692400026001932450185002192460019004042500022004232600098004453000033005435080095005765110015006715200101006865380016007875460013008036500056008167000055008727000067009277000057009947000065010517279IT-RoPAU20220918181226.0d cvaizq50131s9999||||xx ||| | || ||und|| aIT-RoPAUcIT-RoPAU aITALIANO aReitherman WolfganggCodice regista SPICS: 23295 aCARICA DEI 101 (LA) a101 DALMATTANSgT2969 aCARICA DEI 101 (LA)cSceneggiatura: Tratto Dal Libro La Carica Dei 101 Di Dodie Smith -- Diretto da: Reitherman WolfgangpCARICA DEI 101 (LA) (Rif. Codice opera principale : D7279) a101 DALMATTANS aEdizione Standard aMILANO (STATI UNITI)bWALT DISNEY COMPANY / g"1996 (1° ed.: 1996 ; Ed. Lingua Orig.: 1981)" aVHSbsonoro, col.c76 minuti a"Musica: Bruns George; Sceneggiatura: Tratto Dal Libro La Carica Dei 101 Di Dodie Smith; " aAnimazione a101 ADORABILI CUCCIOLI SGUINZAGLIATI IN UNA IRRESISTIBILE CORSA. CLASSICO D'ANIMAZIONE A COLORI. aPAL, STEREO aITALIANO aANIMAZIONEeFILMS [VHS]xCodice MATERIA SPICS: 9960 aBruns Georgee(musica)gCodice Musica SPICS: 14099 aLuske Hamiltone(regista)gCodice secondo regista SPICS: 29528 aPeet Bill e(soggetto)gCodice Soggetto SPICS: 26927 aReitherman Wolfgang e(regista)gCodice regista SPICS: 23295